000 00504nam a2200181Ia 4500
005 20250508151737.0
008 008 250505s9999 xx 000 0 eng d
037 _aTextual
040 _aFEDL
_beng
_cFEDL
041 _aeng
_2eng
084 _a371, IND
_qFEDL
245 0 _aTeacher we need in India today
245 0 _cIndia. Education, (Ministry of ...)
260 _aDelhi, India
_bManager of Publications
300 _a16p
942 _cTEXL
_h371, IND
999 _c1331860
_d1331860